000 00770nas a2200241 4500
001 BR8601738
003 BR-BrBNA
005 20231205090421.0
007 ta
008 230509b bl.|||p| |||| 00| 00por d
040 _aBR-BrBNA
_bpor
_cBiblioteca Nacional de Agricultura
041 _a(Pt)
072 _aL73
100 1 _aLangenegger, C.H.
100 1 _aLangenegger, J.
245 1 _aResistencia do gamba, Didelphis albiventris, a tuberculose
246 1 _aResistance of the opossum, Didelphis albiventris, to tuberculosis
650 _aGAMBA
650 _aTUBERCULOSE
773 0 _tPesquisa Veterinaria Brasileira (Brazil)
_xISSN 0100-736X
_g(Jul-sep 1985), v. 5(3) p. 103-107
_wBR8601738
909 _a202311
_bLúcia
_c55
_dLúcia Elande
942 _2AGRIS
_n0
_cANA
999 _c118279
_d118279